<?xml version="1.0" encoding="UTF-8"?><?xml-stylesheet type="text/xsl" href="static/style.xsl"?><OAI-PMH xmlns="http://www.openarchives.org/OAI/2.0/" xmlns:xsi="http://www.w3.org/2001/XMLSchema-instance" xsi:schemaLocation="http://www.openarchives.org/OAI/2.0/ http://www.openarchives.org/OAI/2.0/OAI-PMH.xsd"><responseDate>2026-04-14T15:32:26Z</responseDate><request verb="GetRecord" identifier="oai:uvadoc.uva.es:10324/44403" metadataPrefix="marc">https://uvadoc.uva.es/oai/request</request><GetRecord><record><header><identifier>oai:uvadoc.uva.es:10324/44403</identifier><datestamp>2021-06-30T04:02:14Z</datestamp><setSpec>com_10324_38</setSpec><setSpec>col_10324_852</setSpec></header><metadata><record xmlns="http://www.loc.gov/MARC21/slim" xmlns:doc="http://www.lyncode.com/xoai" xmlns:xsi="http://www.w3.org/2001/XMLSchema-instance" xmlns:dcterms="http://purl.org/dc/terms/" xsi:schemaLocation="http://www.loc.gov/MARC21/slim http://www.loc.gov/standards/marcxml/schema/MARC21slim.xsd">
<leader>00925njm 22002777a 4500</leader>
<datafield tag="042" ind1=" " ind2=" ">
<subfield code="a">dc</subfield>
</datafield>
<datafield tag="720" ind1=" " ind2=" ">
<subfield code="a">Hierro Diez, Alejandro del</subfield>
<subfield code="e">author</subfield>
</datafield>
<datafield tag="260" ind1=" " ind2=" ">
<subfield code="c">2020</subfield>
</datafield>
<datafield tag="520" ind1=" " ind2=" ">
<subfield code="a">En las últimas décadas la cantidad de datos generados se ha incrementado exponencialmente.&#xd;
La facilidad de acceso a la red y de almacenamiento de datos ha facilitado que cualquier mínima&#xd;
acción pueda ser registrada con bajo coste. Los datos no sirven de mucho por sí solos, sin embargo,&#xd;
con las herramientas adecuadas pueden, literalmente, convertirse en oro.&#xd;
En este contexto de generación masiva de datos como diamantes en bruto entran dos de las&#xd;
palabras posiblemente más escuchadas en los últimos años: machine learning. El machine learning&#xd;
constituye esa herramienta capaz de convertir los datos en información, y por consiguiente, en dinero.&#xd;
Machine learning puede traducirse directamente al castellano como “Aprendizaje máquina", y es&#xd;
que, sin entrar en aspectos filosóficos sobre el significado de aprender, esta herramienta engloba&#xd;
métodos que pueden hacer que una máquina u ordenador aprenda o extraiga información de los&#xd;
datos.</subfield>
</datafield>
<datafield tag="024" ind2=" " ind1="8">
<subfield code="a">http://uvadoc.uva.es/handle/10324/44403</subfield>
</datafield>
<datafield tag="245" ind1="0" ind2="0">
<subfield code="a">ExoplanetIA: Machine Learning para la detección de exoplanetas</subfield>
</datafield>
</record></metadata></record></GetRecord></OAI-PMH>